[Event "FRA-chT Top 12 2019"]
[Site "Brest"]
[Date "2019.05.23"]
[Round "6.8"]
[White "Skripchenko, Almira"]
[Black "Van Hoolandt, Patrick"]
[Result "1-0"]
[WhiteElo "2406"]
[BlackElo "2127"]
[Annotator "RC"]
[PlyCount "93"]
[EventDate "2019.05.18"]
[EventType "team-tourn"]
[EventCountry "FRA"]
[SourceTitle "playchess.com"]
[Source "ChessBase"]
[SourceQuality "1"]
[TimeControl "40/5400+30:1800+30"]

1. Nf3 {[%emt 0:01:16]} d5 {[%emt 0:00:00]} 2. g3 {[%emt 0:00:06]} Bg4 {[%emt 0:00:55]} 3. Bg2 {[%emt 0:00:06]} c6 {[%emt 0:02:13]} 4. O-O {[%emt 0:06:02]} Nd7 {[%emt 0:00:06]} 5. h3 {[%emt 0:00:21]} Bh5 {[%emt 0:00:06]} 6. d4 {[%emt 0:01:12]} Ngf6 {[%emt 0:00:21]} 7. Bf4 {[%emt 0:06:38]} e6 {[%emt 0:10:54]} 8. Nbd2 {[%emt 0:00:45]} Be7 {[%emt 0:00:49]} 9. g4 {[%emt 0:05:35]} Bg6 {[%emt 0:00:20]} 10. Nh4 {[%emt 0:01:06]} Ne4 {[%emt 0:04:15]} 11. Nxg6 {[%emt 0:00:53]} hxg6 {[%emt 0:05:44]} 12. Nxe4 {[%emt 0:01:41]} dxe4 {[%emt 0:00:03]} 13. c4 {[%emt 0:07:28]} g5 {[%emt 0:07:16]} 14. Bg3 {[%emt 0:02:49]} f5 {[%emt 0:16:40]} 15. e3 {[%emt 0:00:13]} Nf6 {[%emt 0:01:02]} 16. Qb3 {[%emt 0:11:11]} Qb6 {[%emt 0:16:46]} 17. Qc2 {[%emt 0:02:18]} g6 {[%emt 0:01:53]} 18. b4 {[%emt 0:03:25]} O-O {[%emt 0:02:39]} 19. Rab1 {[%emt 0:07:04]} Qd8 {[%emt 0:02:52]} 20. c5 {[%emt 0:02:08]} a6 {[%emt 0:03:03]} 21. a4 {[%emt 0:01:41]} Nd5 {[%emt 0:00:13]} 22. b5 {[%emt 0:09:15]} axb5 {[%emt 0:06:24]} 23. axb5 {[%emt 0:00:16]} Qa5 {[%emt 0:09:28]} 24. bxc6 {[%emt 0:06:08]} bxc6 {[%emt 0:00:01]} 25. Be5 {[%emt 0:00:11]} Bf6 {[%emt 0:01:26]} 26. Bd6 {[%emt 0:02:26]} Rf7 {[%emt 0:02:18]} 27. Rb3 {[%emt 0:00:21]} Kg7 {[%emt 0:01:17]} 28. Rfb1 Qa4 {[%emt 0:02:19]} 29. Bf1 {[%emt 0:04:14]} Qa2 {[%emt 0:01:41]} 30. R1b2 {[%emt 0:01:54]} Qa1 {[%emt 0:00:04]} 31. Rb1 {[%emt 0:08:16]} Qa4 {[%emt 0:00:20]} 32. Bg2 {[%emt 0:02:00]} Nb4 {[%emt 0:00:46]} 33. Qc4 {[%emt 0:00:43]} Nd5 {[%emt 0:00:25]} 34. Qc1 {[%emt 0:00:39]} Qa2 {[%emt 0:00:37]} 35. Rb8 {[%emt 0:05:09]} Raa7 {[%emt 0:01:17]} 36. Bf1 {[%emt 0:00:59]} fxg4 {[%emt 0:00:50]} 37. Bc4 {[%emt 0:01:01]} Qa4 {[%emt 0:00:21]} 38. hxg4 {[%emt 0:00:08]} Qa3 {[%emt 0:00:41]} 39. Qxa3 {[%emt 0:00:46]} Rxa3 {[%emt 0:00:01]} 40. Rc8 {[%emt 0:00:21]} Rc3 {[%emt 0:00:49]} 41. Bxd5 {[%emt 0:03:54]} exd5 {[%emt 0:03:53]} 42. Rxc6 {[%emt 0:00:31]} Rc2 {[%emt 0:01:11]} 43. Bg3 {[%emt 0:00:29]} Bd8 {[%emt 0:00:53]} 44. Ra1 {[%emt 0:01:01]} Rb7 {[%emt 0:03:26]} 45. Rd6 {[%emt 0:02:51]} Bc7 {[%emt 0:03:23]} 46. Rd7+ {[%emt 0:00:07]} Kf6 {[%emt 0:00:02]} 47. Rxc7 1-0

[Event "FRA-chT Top 12 2019"]
[Site "Brest"]
[Date "2019.05.23"]
[Round "6.8"]
[White "Milliet, Sophie"]
[Black "Richard, Emma"]
[Result "1/2-1/2"]
[WhiteElo "2400"]
[BlackElo "2120"]
[Annotator "TA"]
[PlyCount "66"]
[EventDate "2019.05.18"]
[EventType "team-tourn"]
[EventCountry "FRA"]
[SourceTitle "playchess.com"]
[Source "ChessBase"]
[SourceQuality "1"]

{[%evp 9,66,24,22,24,29,25,35,17,50,57,43,48,47,-2,-4,-63,-59,-59,-54,-82,-87,-78,-50,-89,-64,-104,-103,-97,-89,-99,-99,-126,-131,-391,-141,-129,-104,-112,-98,-108,-96,-110,-95,-170,-121,-118,-113,-123,-131,-123,-78,-59,-39,-71,-72,-103,-58,-107,-105]} 1. e4 c5 2. Nf3 Nc6 3. Bb5 Nf6 4. Nc3 g6 5. h3 Nd4 6. e5 {B30: Sicilian: 2...Nc6 3 Bb5, lines without ...g6} Nxb5 (6... Nh5 7. Bc4 d6 8. exd6 Qxd6 9. d3 Bg7 10. Ne4 Qc7 11. c3 Ne6 12. Be3 O-O 13. O-O {½-½ (22) Movsesian,S (2677)-Salgado Lopez,I (2627) Linares 2017}) 7. Nxb5 Nd5 8. O-O {White is slightly better.} Bg7 9. d4 Nc7 10. Nxc7+ Qxc7 11. d5 $146 ({Predecessor:} 11. Bg5 d5 12. exd6 Qxd6 13. Re1 {1-0 (49) Chen,F (2326)-Dai,C (2418) Chengdu 2017}) 11... d6 12. e6 ({Better is} 12. exd6 $11 Qxd6 13. Re1) 12... fxe6 $15 13. Ng5 O-O 14. Nxe6 Bxe6 15. dxe6 Rad8 16. c4 Bd4 17. Bh6 Rf6 18. Qe2 d5 19. cxd5 Rxd5 20. Kh1 Qc6 {[#] aiming for ...g5.} 21. Qg4 $2 {[%mdl 8192]} (21. Be3 $17 {is a better defense.}) 21... Qxe6 $2 (21... g5 $19 22. f4 (22. Bxg5 $2 Rxg5 23. Qxg5+ Rg6 $19) 22... Rxh6 23. fxg5 Rxe6) 22. Qg3 $17 {Strongly threatening Qb8+.} Qe5 {Threatens to win with ...Qxg3.} 23. f4 Qf5 24. Rae1 Rf7 25. Qb3 Qd7 26. Bg5 (26. Re2 $17) 26... Bf6 27. Bxf6 exf6 28. Rd1 {[#]} c4 $1 {[%mdl 512]} 29. Qf3 (29. Qxc4 Rxd1) 29... Rxd1 30. Rxd1 Qa4 31. Rd8+ Kg7 32. Qe3 a6 33. f5 Rd7 {Accuracy: White = 46%, Black = 48%.} 1/2-1/2

[Event "FRA-chT Top 12 2019"]
[Site "Brest"]
[Date "2019.05.23"]
[Round "6.8"]
[White "Verot, Melanie"]
[Black "Fruteau, Sabine"]
[Result "0-1"]
[WhiteElo "2069"]
[BlackElo "2015"]
[Annotator "NA RC"]
[PlyCount "66"]
[EventDate "2019.05.18"]
[EventType "team-tourn"]
[EventCountry "FRA"]
[SourceTitle "playchess.com"]
[Source "ChessBase"]
[SourceQuality "1"]
[TimeControl "40/5400+30:1800+30"]

1. d4 {[%emt 0:00:00]} Nf6 {[%emt 0:00:00]} 2. Nf3 {[%emt 0:00:00]} d5 {[%emt 0:01:14]} 3. e3 {[%emt 0:00:08]} g6 {[%emt 0:00:54]} 4. Bd3 {[%emt 0:03:00]} Bg7 {[%emt 0:00:32]} 5. Nbd2 {[%emt 0:01:38]} O-O {[%emt 0:00:12]} 6. O-O {[%emt 0:01:26]} c5 {[%emt 0:09:26]} 7. b3 {[%emt 0:08:11]} Nc6 {[%emt 0:03:21]} 8. a3 {[%emt 0:04:54]} b6 {[%emt 0:06:59]} 9. Bb2 {[%emt 0:01:42]} Bb7 {[%emt 0:00:07]} 10. Rc1 {[%emt 0:05:32]} Rc8 {[%emt 0:15:27]} 11. Qe2 {[%emt 0:05:11]} e6 {[%emt 0:04:13]} 12. c4 {[%emt 0:07:30]} Qe7 {[%emt 0:07:30]} 13. h3 {[%emt 0:07:57]} Rfd8 {[%emt 0:01:38]} 14. Rfd1 {[%emt 0:01:26]} Ne8 {[%emt 0:27:45]} 15. cxd5 {[%emt 0:13:29]} exd5 {[%emt 0:00:08]} 16. Nf1 {[%emt 0:08:27]} cxd4 {[%emt 0:02:00]} 17. exd4 {[%emt 0:01:54]} Qxe2 {[%emt 0:00:24]} 18. Bxe2 {[%emt 0:00:04]} Nd6 {[%emt 0:00:40]} 19. Ne3 {[%emt 0:03:23]} Ne4 {[%emt 0:06:46]} 20. b4 {[%emt 0:00:51]} h5 {[%emt 0:02:11]} 21. Bd3 {[%emt 0:01:15]} Ne7 {[%emt 0:03:53]} 22. Ne5 {[%emt 0:02:14]} Bh6 {[%emt 0:00:45]} 23. Rxc8 {[%emt 0:04:04]} Rxc8 {[%emt 0:00:48]} 24. Bxe4 {[%emt 0:00:53]} dxe4 {[%emt 0:00:07]} 25. N3c4 {[%emt 0:02:28]} Bd5 {[%emt 0:00:31]} 26. Nd6 {[%emt 0:00:53]} Rc2 {[%emt 0:01:20]} 27. Ba1 {[%emt 0:01:54]} e3 {[%emt 0:00:36]} 28. f3 {[%emt 0:01:56]} e2 {[%emt 0:00:34]} 29. Re1 {[%emt 0:02:07]} Be3+ {[%emt 0:00:15]} 30. Kh2 {[%emt 0:00:03]} Bf2 {[%emt 0:00:22]} 31. Bc3 {[%emt 0:01:51]} Bxe1 {[%emt 0:00:22]} 32. Bxe1 {[%emt 0:00:02]} Rc1 {[%emt 0:00:46]} 33. Nd3 {[%emt 0:00:07]} Rd1 {[%emt 0:00:21]} 0-1

[Event "FRA-chT Top 12 2019"]
[Site "Brest"]
[Date "2019.05.23"]
[Round "6.8"]
[White "Bolon, Karelle"]
[Black "Maisuradze, Nino"]
[Result "1/2-1/2"]
[WhiteElo "2018"]
[BlackElo "2179"]
[Annotator "TA"]
[PlyCount "125"]
[EventDate "2019.05.18"]
[EventType "team-tourn"]
[EventCountry "FRA"]
[SourceTitle "playchess.com"]
[Source "ChessBase"]
[SourceQuality "1"]

{[%evp 9,125,9,28,28,42,12,7,-22,-23,-19,29,11,23,-10,0,0,2,-9,0,0,3,-55,-55,-55,-55,-58,-58,-67,-62,-61,-24,-44,-4,-19,0,-35,43,44,41,0,102,57,62,57,61,-17,0,-114,-114,-114,-114,-114,-81,-81,-81,-73,-73,-73,-73,-81,-81,-81,-81,-81,-81,-81,-81,-81,-81,-81,-81,-81,-81,-81,-81,-81,-81,-81,-81,-81,-81,-81,-81,-81,-81,-81,-81,-100,-75,-75,-75,-75,-75,-75,-75,-75,-75,-75,-75,-75,287,287,287,229,243,212,285,0,299,293,294,287,287,219,257,0,159,0]} 1. f4 d5 2. Nf3 Nf6 3. e3 Bg4 4. h3 Bxf3 5. Qxf3 Nbd7 6. g4 {A03: Bird's Opening with 1...d5} c6 (6... e5 7. g5 Ne4 8. d3 Nd6 9. Qxd5 Nf5 10. Qf3 g6 11. Nc3 Bg7 12. Bd2 O-O 13. O-O-O b5 14. fxe5 Nxe5 {½-½ (48) Grigoryan,K (2587)-Hovhannisyan,R (2594) Yerevan 2015}) 7. d3 e5 8. Nc3 {The position is equal.} (8. g5 $5 {[%cal Rg5f6]}) 8... Bb4 $146 ({Predecessor:} 8... Bd6 9. Bd2 Qc7 10. O-O-O O-O-O 11. g5 Ng8 12. h4 Kb8 13. Bh3 Ne7 14. Bxd7 Qxd7 15. fxe5 Bxe5 16. Qxf7 {0-1 (39) Szablowski,P (2404)-Straka,J (2304) Frydek Mistek 2011}) 9. Bd2 e4 10. Qg3 Qe7 11. d4 h6 12. Be2 O-O-O 13. a3 Bd6 14. Qf2 Kb8 15. h4 (15. O-O-O $11) 15... h5 $15 16. g5 Ng4 17. Qg2 f5 18. O-O Nb6 19. b4 Rd7 20. Rfb1 Rc8 21. Rb2 g6 22. Rab1 Qf7 (22... Bxf4 $15 23. exf4 Qg7) 23. a4 $14 {[%cal Ba3a4,Ba4a5][%mdl 32]} Bf8 24. Qf1 Bg7 {[#]} (24... Rcd8 $11 {remains equal.}) 25. a5 $1 $16 {[%cal Ra5b6]} Nc4 26. Bxc4 $1 dxc4 27. Ne2 ({White should try} 27. Na4 $14) 27... Rcd8 28. c3 (28. Nc3 $11 {keeps the balance.}) 28... a6 $17 29. Qd1 Qd5 (29... Bf8 {feels hotter.} 30. Qf1 Re8 31. Qc1 Bd6 32. Be1 Qe6) 30. Qa4 Qb5 (30... Bf8 {is interesting.} 31. Qd1 Bd6 32. Qf1 Qe6 33. Qc1 Bc7) 31. Qxb5 axb5 32. Ra2 Kc7 33. Rba1 Ra8 34. Kg2 Ra6 35. Kg3 Kd6 36. Kg2 Rd8 37. Kg3 Rda8 38. Nc1 Bf8 39. Kg2 Be7 40. Kg3 Bd8 41. Kg2 Bc7 42. Kg3 Ke6 43. Kg2 Rd8 44. Kg3 Bd6 45. Ne2 Kd5 46. Kg2 Rda8 47. Nc1 Bc7 48. Kg3 b6 (48... Kd6 {keeps more tension.} 49. Kg2 Bd8 50. Kf1 Kd7 51. Ke2 Kc8) 49. axb6 Rxa2 50. Rxa2 Rxa2 51. Nxa2 Bxb6 {[%mdl 4096] Endgame KBN-KBN} 52. Kg2 Bc7 53. Nc1 Bd6 54. Na2 Bxf4 $2 {[%mdl 8192]} (54... Ke6 $17 {keeps the pressure on.}) 55. exf4 $18 e3 56. Be1 Ke4 {[#]} 57. Nc1 $1 Kxf4 {intending ...Ke4.} 58. Bg3+ Ke4 {...f4 is the strong threat.} 59. Ne2 Kd3 60. Kf3 Kd2 61. Bf4 Kd3 62. Bg3 Kd2 63. Bf4 $2 {Accuracy: White = 63%, Black = 54%.} (63. Be5 $16) 1/2-1/2

[Event "FRA-chT Top 12 2019"]
[Site "Brest"]
[Date "2019.05.24"]
[Round "7.1"]
[White "Harikrishna, Pentala"]
[Black "Nihal Sarin"]
[Result "1/2-1/2"]
[WhiteElo "2730"]
[BlackElo "2598"]
[Annotator "TA"]
[PlyCount "131"]
[EventDate "2019.05.18"]
[EventType "team-tourn"]
[EventCountry "FRA"]
[SourceTitle "playchess.com"]
[Source "ChessBase"]
[SourceQuality "1"]

{[%evp 9,131,10,36,22,36,34,30,27,31,28,38,21,23,17,18,17,22,16,24,14,29,6,20,13,15,7,25,6,21,0,15,20,16,16,16,16,8,0,0,0,2,12,37,21,20,17,16,18,21,12,14,16,25,10,33,21,26,15,25,0,8,0,0,0,0,0,0,0,22,0,43,0,0,0,0,0,0,0,0,0,0,0,0,0,1,1,1,1,1,1,1,1,8,8,8,8,8,0,0,0,0,0,0,0,0,0,0,0,0,0,0,0,0,0,0,0,0,0,0,0,0,0,0,0]} 1. Nf3 c5 2. e3 Nc6 (2... Nf6 3. b3 g6 4. Bb2 Bg7 5. d4 cxd4 6. Nxd4 O-O 7. Be2 d5 8. O-O Re8 9. c4 e5 10. Nc2 Nc6 11. Nc3 dxc4 12. Qxd8 Rxd8 13. Bxc4 Bf5 14. Na3 a6 15. Be2 b5 16. Nab1 {½-½ (36) Nakamura,H (2749)-Salem,A (2672) chess.com INT 2019}) 3. Bb5 Nf6 4. O-O g6 5. d4 cxd4 $146 ({Predecessor:} 5... Bg7 6. b3 O-O 7. Bb2 cxd4 8. exd4 d5 9. h3 Bd7 10. a3 {1-0 (52) Abbasov,F (2443)-Moiseenko,A (2625) Dos Hermanas 2004}) 6. exd4 {A04: Unusual lines after 1 Nf3 and King's Indian Attack} d5 7. Ne5 Bd7 {[#] And now ...Nxe5 would win.} 8. Nxd7 {White has an edge.} Qxd7 9. c3 Ne4 10. Bf4 Bg7 11. Nd2 Nxd2 12. Qxd2 a6 13. Bxc6 bxc6 14. Bh6 O-O 15. Bxg7 Kxg7 16. Rae1 e6 17. Re3 Qe7 18. Rh3 {[#] Qh6+ would kill now.} h5 19. Re1 Rh8 20. Qf4 h4 21. Qe5+ Qf6 22. Qd6 Qg5 23. Rf3 h3 {[%csl Gh3][%cal Rg5g2]} 24. g3 Qd2 {[%cal Rd2e1]} 25. Kf1 Raf8 26. Qe5+ Kg8 27. Qe2 Qxe2+ 28. Kxe2 $11 {[%mdl 4096] Endgame KRR-KRR} Rb8 29. b3 Kg7 30. g4 Rh4 31. Rg1 Re8 32. Re3 g5 33. Kd2 Kg6 34. c4 dxc4 35. bxc4 Rb8 36. Rb3 Rxb3 37. axb3 {KR-KR} f5 38. f3 Rh8 39. Ra1 Rf8 {With the idea ...fxg4.} 40. Ke3 Rb8 {The position is equal.} 41. gxf5+ Kxf5 42. Ra5+ Kf6 43. Rxa6 Rxb3+ 44. Kf2 Rd3 45. Rxc6 {Hoping for d5.} Rxd4 46. Kg3 Kf5 47. Rc8 e5 48. c5 Rc4 49. c6 {Black must now prevent c7.} Ke6 50. Kxh3 Kd6 51. Rd8+ Kc7 52. Re8 Kd6 53. Rg8 e4 54. Rg6+ Kc7 55. fxe4 Rxe4 56. Kg3 Re8 57. Kg4 Rh8 58. h3 Rh4+ 59. Kg3 Rh5 60. Re6 Rh8 61. Re5 Kxc6 62. Rxg5 Kd6 63. h4 Ke6 64. h5 Kf7 65. Kh4 Rg8 66. Rxg8 {Accuracy: White = 48%, Black = 66%.} 1/2-1/2

[Event "FRA-chT Top 12 2019"]
[Site "Brest"]
[Date "2019.05.24"]
[Round "7.1"]
[White "Amin, Bassem"]
[Black "Fedorov, Alexei"]
[Result "1-0"]
[WhiteElo "2704"]
[BlackElo "2566"]
[Annotator "RC"]
[PlyCount "77"]
[EventDate "2019.05.18"]
[EventType "team-tourn"]
[EventCountry "FRA"]
[SourceTitle "playchess.com"]
[Source "ChessBase"]
[SourceQuality "1"]
[TimeControl "40/5400+30:1800+30"]

1. c4 {[%emt 0:00:33]} g6 {[%emt 0:00:00]} 2. Nc3 {[%emt 0:00:21]} Bg7 {[%emt 0:00:38]} 3. d4 {[%emt 0:00:09]} Nf6 {[%emt 0:00:05]} 4. e4 {[%emt 0:00:38]} d6 {[%emt 0:00:05]} 5. h3 {[%emt 0:00:08]} O-O {[%emt 0:00:13]} 6. Be3 {[%emt 0:00:05]} c5 {[%emt 0:03:40]} 7. d5 {[%emt 0:03:24]} e6 {[%emt 0:02:02]} 8. Bd3 {[%emt 0:00:13]} exd5 {[%emt 0:01:50]} 9. exd5 {[%emt 0:00:08]} Na6 {[%emt 0:03:04]} 10. Nf3 {[%emt 0:01:08]} Nb4 {[%emt 0:03:01]} 11. Be2 {[%emt 0:01:28]} Bf5 {[%emt 0:00:45]} 12. Rc1 {[%emt 0:00:44]} Ne4 {[%emt 0:12:00]} 13. g4 {[%emt 0:00:11]} Nxc3 {[%emt 0:00:23]} 14. bxc3 {[%emt 0:00:08]} Nxa2 {[%emt 0:00:07]} 15. gxf5 {[%emt 0:00:07]} Nxc1 {[%emt 0:00:28]} 16. Qxc1 {[%emt 0:00:11]} Qf6 {[%emt 0:00:16]} 17. fxg6 {[%emt 0:00:42]} Qxc3+ {[%emt 0:00:30]} 18. Qxc3 {[%emt 0:00:08]} Bxc3+ {[%emt 0:00:04]} 19. Kd1 {[%emt 0:00:10]} hxg6 {[%emt 0:02:22]} 20. Kc2 {[%emt 0:01:29]} Bg7 {[%emt 0:01:38]} 21. Rb1 {[%emt 0:00:32]} b6 {[%emt 0:04:24]} 22. h4 {[%emt 0:00:33]} Rfe8 {[%emt 0:07:23]} 23. Bd3 {[%emt 0:00:26]} Kf8 {[%emt 0:00:22]} 24. h5 {[%emt 0:00:25]} a5 {[%emt 0:25:08]} 25. h6 {[%emt 0:13:07]} Bf6 {[%emt 0:01:48]} 26. Kb3 {[%emt 0:09:53]} a4+ {[%emt 0:07:27]} 27. Ka3 {[%emt 0:00:18]} Bc3 {[%emt 0:00:45]} 28. Rxb6 {[%emt 0:02:25]} Reb8 {[%emt 0:01:03]} 29. Rb5 {[%emt 0:01:27]} Bb4+ {[%emt 0:01:22]} 30. Ka2 {[%emt 0:00:02]} Ke7 {[%emt 0:00:35]} 31. Bf4 {[%emt 0:03:31]} Bc3 {[%emt 0:00:38]} 32. Ng5 {[%emt 0:02:22]} f5 {[%emt 0:03:47]} 33. Ne6 {[%emt 0:01:42]} Rxb5 {[%emt 0:12:02]} 34. cxb5 {[%emt 0:00:09]} a3 {[%emt 0:00:02]} 35. Nxc5 {[%emt 0:07:42]} Bd4 {[%emt 0:02:37]} 36. Bg5+ {[%emt 0:01:07]} Kf7 {[%emt 0:00:33]} 37. Nb7 {[%emt 0:00:21]} Bxf2 {[%emt 0:00:15]} 38. Nxd6+ {[%emt 0:00:24]} Kg8 {[%emt 0:00:05]} 39. Nc4 {[%emt 0:01:32]} 1-0

[Event "FRA-chT Top 12 2019"]
[Site "Brest"]
[Date "2019.05.24"]
[Round "7.1"]
[White "Tabatabaei, M.amin"]
[Black "Ragger, Markus"]
[Result "1/2-1/2"]
[WhiteElo "2610"]
[BlackElo "2682"]
[Annotator "TA"]
[PlyCount "127"]
[EventDate "2019.05.18"]
[EventType "team-tourn"]
[EventCountry "FRA"]
[SourceTitle "playchess.com"]
[Source "ChessBase"]
[SourceQuality "1"]

{[%evp 22,127,27,15,4,10,16,16,18,12,12,20,21,12,12,12,14,14,12,12,11,12,63,65,65,50,90,83,86,79,86,86,124,124,135,101,108,106,109,109,108,106,94,94,90,102,114,114,147,131,124,0,142,134,148,119,134,81,126,81,122,126,166,166,166,166,166,166,166,166,166,159,159,159,159,159,159,159,159,159,159,159,159,159,159,159,159,152,152,152,188,0,0,0,181,152,152,152,152,152,181,166,230,230,592,499,424,0]} 1. d4 Nf6 2. c4 g6 3. Nc3 d5 4. Bf4 Bg7 5. e3 O-O 6. cxd5 Nxd5 7. Nxd5 Qxd5 8. Bxc7 Na6 9. Bxa6 Qxg2 10. Qf3 Qxf3 11. Nxf3 bxa6 12. Rc1 f6 {D84: Grünfeld: 4 Bf4 Bg7 5 e3 0-0 6 cxd5} 13. Rg1 Rf7 14. b3 {[#]} Bb7 $146 {The position is equal.} ({Predecessor:} 14... Bf8 15. Nd2 Bb7 16. Ke2 {½-½ (50) Meier,G (2639)-Erdos,V (2609) Batumi 2018}) 15. Ke2 Re8 16. Nd2 Bf8 17. Nc4 e5 18. Bd6 exd4 19. Bxf8 Rexf8 20. Nd6 Rd7 21. Nxb7 d3+ (21... Rxb7 $11 22. exd4 Rd8) 22. Kd2 $14 {Hoping for Nc5.} Rxb7 {[%mdl 4096] Endgame KRR-KRR} 23. Rc6 a5 24. Rg4 $1 Rb5 25. Kxd3 Rh5 26. h4 Rd8+ {[#]} 27. Ke2 $1 Rhd5 28. Rxf6 Rd2+ 29. Kf3 Rxa2 30. Ra4 Rb2 31. Rxa5 Rd7 32. Rb5 Kg7 33. Rf4 h5 34. Kg3 Re7 35. Rb8 Rc7 36. Rb5 Re7 $1 37. b4 Rc7 38. Rd5 Rb7 39. Rdd4 (39. Rd6 $142) 39... Rb3 40. Rc4 Rb2 41. Rc6 R2xb4 42. Rxb4 Rxb4 $16 {KR-KR} 43. Rc7+ Kf6 44. Rxa7 Rg4+ 45. Kh3 Rg1 46. Ra6+ Kf7 {[#]} 47. Ra4 $1 Kf6 48. Kh2 Re1 49. Kg2 Ke6 50. Ra3 Kf6 51. f3 Kf7 52. Kg3 Rh1 53. Ra7+ Kf6 54. Ra6+ Kf7 55. e4 Kg7 56. Kf4 $2 (56. e5 $18) 56... Kh6 $1 $11 57. Kg3 $2 (57. Ke5 $11) 57... Kg7 $1 $18 58. Ra2 Kf6 59. Rh2 Rf1 60. Kf4 Kf7 61. Ra2 Rh1 (61... Kf8 {was worth a try.} 62. Ra7 Rg1) 62. Ra7+ Ke6 63. Ra6+ Kf7 64. Kg3 $2 {Accuracy: White = 73%, Black = 57%.} (64. Kg5 $18) 1/2-1/2

[Event "FRA-chT Top 12 2019"]
[Site "Brest"]
[Date "2019.05.24"]
[Round "7.1"]
[White "Oleksiyenko, Mykhaylo"]
[Black "Gharamian, Tigran"]
[Result "1/2-1/2"]
[WhiteElo "2595"]
[BlackElo "2602"]
[Annotator "TA"]
[PlyCount "111"]
[EventDate "2019.05.18"]
[EventType "team-tourn"]
[EventCountry "FRA"]
[SourceTitle "playchess.com"]
[Source "ChessBase"]
[SourceQuality "1"]

{[%evp 19,111,21,30,26,29,31,23,0,4,2,26,47,118,115,122,116,169,172,174,162,157,95,68,74,83,61,158,146,309,146,132,0,0,0,0,0,0,0,0,0,0,0,0,0,260,259,210,203,208,205,206,203,195,206,200,200,190,125,198,198,193,184,179,181,159,156,192,164,89,0,0,0,0,0,0,0,0,0,0,0,0,0,0,0,0,0,0,0,0,0,0,0,0,0]} 1. Nf3 Nf6 2. c4 e6 3. b3 b6 4. Bb2 Bb7 5. g3 Be7 6. Bg2 O-O 7. O-O c5 8. e3 d6 9. Nc3 {[%cal Bb1c3,Bc3e2,Be2f4][%mdl 32]} Nbd7 10. d4 Ne4 11. Ne2 {A30: Symmetrical English: Double Fianchetto and Hedgehog} (11. d5 Nxc3 12. Bxc3 exd5 13. cxd5 Bf6 14. Rc1 Bxc3 15. Rxc3 Nf6 16. Nh4 Re8 17. Re1 Ne4 18. Rc4 Nf6 {0-1 (37) Giri,A (2734)-Ivanchuk,V (2753) Leon 2013}) 11... Rc8 $146 ({Predecessor:} 11... Qc7 12. Nf4 a6 13. a4 Nef6 14. Nd3 Be4 15. Qe2 Qb7 16. Rfd1 Rab8 17. Nfe1 Bxg2 18. Nxg2 Rfc8 {0-1 (45) Gonzalez Rodriguez,J (2382)-Gomez Garrido,C (2496) Figueres 2014}) 12. Nf4 cxd4 13. Nxd4 {White has an edge.} e5 14. Nf5 {With the idea Qg4.} exf4 15. Bxg7 $40 {[%mdl 128] Qg4 is the strong threat. White is up to no good.} Bf6 ({Better is} 15... Ndf6 $14) 16. Bxf8 $16 Qxf8 17. Rc1 Rd8 (17... f3 $16 18. Qxf3 Kh8) 18. exf4 $18 ({But not} 18. gxf4 Kh8 $16) 18... a5 19. Re1 Ndc5 20. Qc2 ({White should play} 20. Qg4+ Kh8 21. Qh5) 20... d5 $16 21. cxd5 Nd6 22. a3 Nb5 (22... Ba6 $14 23. Nxd6 Qxd6) 23. Qe2 Nc3 $2 (23... Nd6 $16 {might work better.}) 24. Qg4+ (24. Qh5 $18 {is the precise move to win.} Nxd5 25. Nh6+ Kg7 26. Ng4) 24... Kh8 25. d6 (25. Qh5 $16) 25... Bxg2 $11 26. Kxg2 Nd3 {[%mdl 64] Double Attack} 27. Qf3 Nxc1 ({Stronger than} 27... Nxe1+ 28. Rxe1 Nb5 29. d7 $1 $16 {[%mdl 512]}) 28. Rxc1 Nb5 {[#]} 29. d7 $1 {[%mdl 512]} Nd4 $1 {[%cal Rd4f3]} (29... Rxd7 30. Qc6) 30. Nxd4 Bxd4 31. Qd5 Bc5 $2 {[%mdl 8192] [#]} (31... Bf6 $1 $11 {and Black has nothing to worry.}) 32. Re1 $1 $18 Bxa3 33. Qb5 Be7 34. Qe5+ {[%mdl 64] Double Attack} Kg8 35. Qxe7 Qxe7 36. Rxe7 {[%mdl 4096] Endgame And now Re8+ would win. KR-KR} Kf8 37. Re5 Rxd7 38. Kh3 ({White should try} 38. h4 $18) 38... Rd3 (38... Rd2 $16) 39. Rb5 Rd6 40. Kg4 Ke7 41. Re5+ Kd7 42. h4 Kc6 43. Re7 Rd7 {[#]} 44. Rxd7 (44. Re3 $1 $16) 44... Kxd7 $16 {KP-KP. The position is equal.} 45. Kf3 h5 46. Ke4 Kd6 47. f5 b5 48. Kd4 a4 49. bxa4 bxa4 50. f3 a3 {Strongly threatening ...a2.} 51. Kc3 Ke5 (51... a2 $5 52. Kb2 $8 Ke5 $11) 52. Kb3 Kxf5 53. Kxa3 Ke5 54. Kb4 f5 55. Kc3 f4 56. gxf4+ {Accuracy: White = 71%, Black = 60%.} 1/2-1/2

[Event "FRA-chT Top 12 2019"]
[Site "Brest"]
[Date "2019.05.24"]
[Round "7.1"]
[White "Feller, Sebastien"]
[Black "Cornette, Deimante"]
[Result "1/2-1/2"]
[WhiteElo "2587"]
[BlackElo "2433"]
[Annotator "RC"]
[PlyCount "41"]
[EventDate "2019.05.18"]
[EventType "team-tourn"]
[EventCountry "FRA"]
[SourceTitle "playchess.com"]
[Source "ChessBase"]
[SourceQuality "1"]
[TimeControl "40/5400+30:1800+30"]

1. Nf3 {[%emt 0:00:00]} d5 {[%emt 0:00:00]} 2. g3 {[%emt 0:00:00]} g6 {[%emt 0:00:00]} 3. Bg2 {[%emt 0:00:12]} Bg7 {[%emt 0:00:08]} 4. d4 {[%emt 0:00:18]} c6 {[%emt 0:00:48]} 5. O-O {[%emt 0:00:45]} Nf6 {[%emt 0:00:20]} 6. Nbd2 {[%emt 0:09:46]} O-O {[%emt 0:02:44]} 7. Re1 {[%emt 0:04:17]} Bf5 {[%emt 0:12:19]} 8. Nh4 {[%emt 0:07:55]} Bc8 {[%emt 0:05:33]} 9. c3 {[%emt 0:07:18]} e5 {[%emt 0:05:22]} 10. dxe5 {[%emt 0:03:14]} Ng4 {[%emt 0:00:15]} 11. e4 {[%emt 0:07:02]} Nxe5 {[%emt 0:08:44]} 12. exd5 {[%emt 0:04:27]} Nd3 {[%emt 0:04:37]} 13. Rf1 {[%emt 0:16:12]} cxd5 {[%emt 0:09:00]} 14. Nb3 {[%emt 0:01:16]} Nxc1 {[%emt 0:01:22]} 15. Rxc1 {[%emt 0:01:19]} Bf6 {[%emt 0:01:56]} 16. Qxd5 {[%emt 0:06:08]} Bxh4 {[%emt 0:03:00]} 17. gxh4 {[%emt 0:00:26]} Qxh4 {[%emt 0:00:58]} 18. Nd4 {[%emt 0:06:42]} Nc6 {[%emt 0:16:51]} 19. Nxc6 {[%emt 0:03:02]} bxc6 {[%emt 0:00:04]} 20. Qxc6 {[%emt 0:00:39]} Rb8 {[%emt 0:01:51]} 21. Qe4 {[%emt 0:17:17]} 1/2-1/2